Brooklyn Nine-Nine - Statistics

General Stats
  • This quiz has been taken 279 times
    272 since last reset
  • The average score is 13 of 16
Answer Stats
Hint Answer % Correct
What is Jake's favorite movie? Die Hard
99%
What is Terry's favorite food? Yogurt
94%
Which detectives were framed and went to jail? Jake & Rosa
93%
What is the name of Kevin's dog? Cheddar
91%
What happens every Halloween? Heist
91%
Who is Charles's adopted son? Nikolaj
89%
Who is Holt's nemesis? Madeline Wuntch
87%
Where does the show take place? New York City
87%
What is Amy allergic to? Dogs
84%
What is Hitchcock's first name? Michael
83%
Who was Holt's old assistant? Gina Linetti
82%
How many seasons, as of August 2020, does Brooklyn Nine-Nine have? 6
81%
What happens to postpone Jake and Amy's wedding? Bomb Threat
81%
What does Terry think case 52ABX-32QJ is? Unsolvable
58%
Who is the new commissioner in Season 6? John Kelly
55%
What is Scully's first name? Norman
53%
No matching quizzes found
Score Distribution
Percent of People with Each Score
Percentile by Number Answered
Your Score History
You have not taken this quiz since the last reset